| 000 | 00785nam a22002417a 4500 | ||
|---|---|---|---|
| 999 |
_c2351 _d2351 |
||
| 003 | AR-CdUCM | ||
| 008 | 190304b ||||| |||| 00| 0 spa d | ||
| 040 |
_aMUNICIPALIDAD PROVINCIAL DEL CUSCO _cBIBLIOTECA MUNICIPAL DEL CUSCO |
||
| 082 |
_a398.985 / _bG66 |
||
| 100 |
_aGonzales Ríos, Yolanda _98463 |
||
| 245 |
_aCerrito de Huacsapata : _bEstudiantinas y Musica de Puno del siglo XX / |
||
| 260 |
_aCusco : _bEdmundo Pantigozo, _c1998. |
||
| 300 |
_a116 paginas ; _bIlustraciones , tablas, _c20cm. |
||
| 500 | _ahistoria del Perú | ||
| 650 |
_aHuacsapata _98464 |
||
| 650 |
_aHistoria _9136 |
||
| 650 |
_aSiglo XX _98 |
||
| 650 |
_aLiteratura _983 |
||
| 700 |
_aGonzales Ríos, José _96726 |
||
| 700 |
_aCastillo Centeno, Mario _98465 |
||
| 942 |
_2ddc _cLIBROS |
||
| 945 | _apjha | ||